000 00630nam a22002177a 4500
005 20170124110143.0
010 _aB-218891
020 _c125.00
_a9788183820684
035 _aB-218891
037 _bCen Lib/Ret
040 _aDPL
_bEN
082 _a155.9042
_bBEL
100 _aBelle, Eric
_932815
245 _aHelpline for streesed parents /
_cby Eric Belle
260 _aNew Delhi
_bLotus Press
_c2006
270 _bNew Delhi
_a4263/3, Ansariroad, Daryaganj
_e110002
300 _a184p.
_c21cm(pbk)
650 _aPsychology
_9101684
650 _aChild care
_910040
942 _2ddc
_cEN
_h155.9042
_mBEL
999 _c131797
_d131797